Bulgarian Journal of Agricultural Science

Guardado en:
Detalles Bibliográficos
Formato: Seriadas
Lenguaje:inglés
Publicado: Sofia Agricultural Academy in Bulgaria
Etiquetas: Agregar Etiqueta
Sin Etiquetas, Sea el primero en etiquetar este registro!

MARC

LEADER 00000nas1a2200000 4500
001 0280447
005 20250701092129.4
022 |a 1310-0351 
022 |a 2534-983X 
041 0 |a eng 
044 |a BG 
245 1 0 |a Bulgarian Journal of Agricultural Science 
264 1 |a Sofia  |b Agricultural Academy in Bulgaria